| 000 | 01124nam a2200253Ia 4500 | ||
|---|---|---|---|
| 003 | OSt | ||
| 005 | 20220923211357.0 | ||
| 006 | a|||||r|||| 00| 0 | ||
| 007 | ta | ||
| 008 | 220922b |||||||| |||| 00| 0 hin d | ||
| 020 |
_a9788188257751 (hbk) _c900 |
||
| 024 | _a243,238 | ||
| 037 |
_b142, 14/12/2009, Vidyanidhi Prakashan _cTextual |
||
| 040 |
_aARTS _cARTS _bhin |
||
| 041 |
_2hin _ahin |
||
| 082 | _aP15,C:3x6,1, Q0 | ||
| 100 |
_aकिशोराणी, प्रकाशचन्द्र ए. _9160327 |
||
| 245 | 0 |
_aनागेशभट्ट का व्याकरण - दर्शन - चिन्तन _b परमलघुमन्जूषा के सन्दर्भ में |
|
| 246 | _aNāgeshabhaṭṭa kā vyākaraṇ - darshan - chintana: paramalaghuhinjūṣhā ke sandarbha mean | ||
| 260 |
_aजयपुर _b हंसा प्रकाशन _c2010 |
||
| 300 |
_a422पृ. _ccm. |
||
| 942 |
_hP15,C:3x6,1, Q0 _cTEXL _2CC |
||
| 999 |
_c298900 _d298900 |
||